Top3 Najlepszych Piłkarzy w Każdej Dekadzie - Statystyki

Ogólne statystyki
  • Ten quiz został rozwiązany 432 razy
  • Średni wynik to 15 z 30
Statystyki odpowiedzi
Dekada Lp. Pozycja Kraj Zawodnik % Poprawnych
2020- 1. Napastnik Polska Robert Lewandowski 156 bramek i 31 asyst w 154 meczach, komplet czterech tytułów ligowych, czterech koron króla strzelców i do tego Liga Mistrzów z Bayernem. Bez konkurencji
98%
2010-2019 1. Napastnik Portugalia Cristiano Ronaldo Król Ligi Mistrzów, zdobywca Euro, napastnik kompletny
95%
2010-2019 2. Napastnik Argentyna Lionel Messi Bezkonkurencyjny w pierwszej połowie dekady, potem ofiara upadającego klubu
94%
Lata 90. 2. Napastnik Brazylia Ronaldo Nazario Objawienie drugiej połowy lat 90., szkoda że się połamał bo mógł być najjaśniejszą gwiazdą lat 00.
93%
2020- 2. Pomocnik Belgia Kevin De Bruyne Lider najbardziej kompletnej drużyny ostatnich lat
90%
2010-2019 3. Obrońca Hiszpania Sergio Ramos Ważna, charyzmatyczna postać zarówno najlepszego klubu dekady (Reali) jak i najlepszej reprezentacji (Hiszpanii)
78%
Lata 60. 1. Napastnik Brazylia Pele Nie wymaga wytłumaczenia
76%
Lata 80. 1. Napastnik Argentyna Diego Maradona Nie wymaga wytłumaczenia
75%
2000-2009 3. Pomocnik Francja Zinedine Zidane Może nieco lepszy w końcówce lat 90. ale tu też pasuje, wreszcie zdobyta LM, sporo genialnych chwil w Realu
75%
2000-2009 2. Pomocnik Brazylia Ronaldinho Czarodziej, idol, preludium do ery Barcelony
70%
2020- 3. Napastnik Francja Karim Benzema Peak kariery tuż przed jej końcem, ojciec czternastego pucharu LM
68%
2000-2009 1. Napastnik Francja Thierry Henry Najrówniejsza dyspozycja przez większą część dekady, mnóstwo bramek, Invincible z Arsenalem i zdobywca LM z Barceloną
66%
Lata 90. 1. Obrońca Włochy Paolo Maldini Jeden z filarów najlepszej defensywy w historii i najmocniejszej drużyny lat 90. (AC Milan)
64%
Lata 50. 2. Napastnik Węgry Ferenc Puskas Najlepszy zawodnik węgierskiej Złotej Jedenastki - być może najlepszej drużyny w historii
56%
Lata 60. 2. Napastnik Portugalia Eusebio Lider najlepszej w historii Benfiki, poprowadził też Portugalię do brązu na Mundialu
52%
Lata 70. 1. Pomocnik Holandia Johan Cruyff Pomocnik kompletny, filar genialnej Holandii, trzy triumfy w PEMK z Ajaxem i 3 Złote PIłki
51%
Lata 70. 3. Obrońca Niemcy Franz Beckenbauer Rewolucjonista taktyczny, lider mistrzowskich Niemiec i najlepszego w historii Bayernu
44%
Lata 80. 3. Napastnik Holandia Marco Van Basten Ogromnie skuteczny i zachwycający w stylu napastnik, również mistrz Europy i zdobywca Złotych Piłek
44%
Lata 80. 2. Pomocnik Francja Michel Platini Bardzo niedoceniany, trzy Złote Piłki, Euro '84 wygrane w pojedynkę i do tego sukcesy klubowe
44%
Lata 50. 1. Napastnik Argentyna Alfredo Di Stefano Polityka nie pozwoliła mu na sukcesy reprezentacyjne, ale jego wielki talent znalazł ujście w Realu z którym zdobył 5 razy PEMK
37%
Lata 90. 3. Napastnik Brazylia Romario Najlepszy snajper tamtej epoki, walił bramki bez opamiętania, choć lepiej szło mu poza Europą
35%
Lata 70. 2. Pomocnik Brazylia Zico "Biały Pele", wielki zawodnik, peak kariery może bardziej początkiem lat 80. ale w 70. więcej meczów i mniejsza konkurencja, nie mogło go tu zabraknąć
34%
Lata 60. 3. Skrzydłowy Brazylia Garrincha Najlepszy drybler w historii, najlepszy partner Pelego, Chile '62 wygrał w pojedynkę zupełnie dominując każdego
32%
Lata 40. 2. Napastnik Austria/ Czechosłowacja Josef Bican Najlepszy snajper szkoły naddunajskiej. W latach 40. osiągnął szczyt formy strzelając prawie 2 bramki na mecz i kolekcjonując trofea ze Slavią Praga
13%
Lata 30. 3. Napastnik Włochy Giuseppe Meazza Dwa mistrzostwa Włoch w 1934 i 1938 były kontrowersyjne i niekoniecznie zasłużone, ale nie można o nich zapomnieć. Osobami, które łączyły dwie zwycięskie drużyny byli selekcjoner Pozzo i znakomity napastnik Meazza
9%
Lata 50. 3. Pomocnik Brazylia Didi Bardzo niedoceniany, fundament bez którego nie byłoby wielkiej Brazylii '58, geniusz środka pola
3%
Lata 30. 1. Napastnik Austria Matthias Sindelar Mimo szczupłej budowy ciała, nie dawał się łatwo kosić i genialnym dryblingiem rządził na boisku, lider austriackiego Wunderteamu - najlepszej drużyny lat 30.
1%
Lata 40. 3. Napastnik Argentyna Adolfo Pedernera Partner Moreno z River i Albicelestes. Grał na podobnej pozycji co Charro i razem tworzyli duet nie do zatrzymania
0%
Lata 40. 1. Napastnik Argentyna Charro Moreno W latach 40. najlepiej w piłkę grali Argentyńczycy na czele z River Plate "La Maquina", w której Moreno był największą gwiazdą, cofniętym napastnikiem w stylu Puskasa
0%
Lata 30. 2. Napastnik Węgry Georgy Sarosi Lider drugiej najlepszej, po Austrii, naddunajskiej drużyny czyli Węgier, wicemistrz świata 1938, znakomity strzelec i drybler
0%
Nie znaleziono quizów pasujących do podanych kryteriów
Rozkład punktacji
Procent ludzi z każdym wynikiem
Percentyl według liczby udzielonych odpowiedzi
Twoja historia wyników
Nie rozwiązałeś tego quizu